000 00673nam a2200193Ia 4500
003 GCL
008 140319s9999 xx 000 0 ara d
040 _aGCL /
_cGCL
082 0 4 _a910.41
_bا ح
100 1 _aاحمد امين مصطفى
245 1 0 _aالحياة فى القرن الثامن الهجرى كما تصورها رحلة ابن بطوطة /
_cاحمد امين مصطفى
260 _a[S.N] :
_bمطبعة السعادة ،
_c1992
300 _a286 ص
490 _aسلسلة ادب الرحلات
_v0
650 0 4 _aالرحلات
650 0 4 _aالرحالة العرب
650 0 4 _aالعرب والكشوف الجغرافية
942 _2ddc
_cBK
999 _c35786
_d35786